| 000 | 00439nam a22001697a 4500 | ||
|---|---|---|---|
| 003 | NUST - PNEC | ||
| 005 | 20170116181154.0 | ||
| 008 | 160108b xxu||||| |||| 00| 0 eng d | ||
| 020 | _a- | ||
| 040 | _cLIBRARY | ||
| 082 | _a658.5 WRI | ||
| 100 |
_915779 _aWright, F.J. |
||
| 245 |
_aThe elements of modern industrial organisation _cF.J. Wright |
||
| 260 | _cc.1960 | ||
| 650 |
_915781 _aIndustrial Organisation _xME |
||
| 942 |
_2ddc _cBK |
||
| 999 |
_c71131 _d71131 |
||